| 000 | 01010cam a22002651i 4500 | ||
|---|---|---|---|
| 003 | SA-RiAUC | ||
| 005 | 20250701062736.0 | ||
| 008 | 250626s1956 ua g 00000 ara c | ||
| 040 |
_aSA-JeALM _bara _cSA-RiAUC _erda |
||
| 082 | 0 | 4 | _a414 |
| 090 |
_aن 414 _b ش ا ي |
||
| 100 | 1 |
_aالشايب، أحمد، _d1896-1976 _eمؤلف. |
|
| 245 | 1 | 2 |
_aالأسلوب : _bدراسة بلاغية تحليلية لأصول الأساليب الأدبية / _cأحمد الشايب. |
| 246 | 3 | 0 | _aأصول الأساليب الأدبية |
| 250 | _aالطبعة الرابعة. | ||
| 264 | 1 |
_aالقاهرة : _bمكتبة النهضة المصرية، _c1956 |
|
| 300 |
_a204 صفحة ؛ _c24 سم |
||
| 336 |
_aنص _btxt _2rdacontent _3كتاب |
||
| 337 |
_aبدون وسيط _bn _2rdamedia |
||
| 338 |
_aمجلد _bnc _2rdacarrier |
||
| 650 | 7 |
_aالأسلوب الأدبي _2aucsh |
|
| 650 | 7 |
_aالبلاغة العربية _2aucsh |
|
| 942 |
_2ddc _cRARE BOOK _n0 |
||
| 949 |
_aSA-JeALM _d250626 _uosman123 _n1 |
||
| 999 |
_c9321 _d9321 |
||